| 000 | 01535cam a2200373 i 4500 | ||
|---|---|---|---|
| 001 | 19466962 | ||
| 003 | NUST | ||
| 005 | 20220726095108.0 | ||
| 008 | 170127s2017 enka b 001 0 eng | ||
| 010 | _a 2016049413 | ||
| 020 | _a9781107102545 (hardback) | ||
| 020 | _a1107102545 (hardback) | ||
| 020 | _a9781107500556 (paperback) | ||
| 020 | _a1107500559 (paperback) | ||
| 040 |
_aDLC _beng _cDLC _erda _dDLC |
||
| 042 | _apcc | ||
| 050 | 0 | 0 |
_aQA76.9.H85 _bN668 2017 |
| 082 | 0 | 0 |
_a004.019, NOR _223 |
| 084 |
_aPSY003000 _2bisacsh |
||
| 100 | 1 |
_aNorman, Kent L., _eauthor. _995113 |
|
| 245 | 1 | 0 |
_aCyberpsychology : _ban introduction to human-computer interaction / _cKent L. Norman, University of Maryland. |
| 250 | _aSecond edition. | ||
| 264 | 1 |
_aCambridge, United Kingdom ; _aNew York, NY, USA : _bCambridge University Press, _c2017. |
|
| 300 |
_axi, 544 pages : _billustrations ; _c26 cm |
||
| 336 |
_atext _btxt _2rdacontent |
||
| 337 |
_aunmediated _bn _2rdamedia |
||
| 338 |
_avolume _bnc _2rdacarrier |
||
| 505 | 8 | _aPart I. Fundamentals (Page-1), Part II. Systems (Page-123),Part III. Relationships (Page-251),Part IV. Applications (Page-383). | |
| 650 | 0 | _aHuman-computer interaction. | |
| 650 | 7 |
_aPSYCHOLOGY / Applied Psychology. _2bisacsh _995114 |
|
| 906 |
_a7 _bcbc _corignew _d1 _eecip _f20 _gy-gencatlg |
||
| 942 |
_2ddc _cBK |
||
| 999 |
_c590616 _d590616 |
||